00677nam a22002417a 450000500170000001000120001702000190002903500120004803700160006004000120007608200100008810000210009824500860011924600060020526000250021127000400023630000200027650000410029665000260033765000130036365000360037665000230041220170124105925.0 aA-20186 c00a9231017837 aA-20186 bCen Lib/Ret aDPLbEN a028.5 aPillowski, Anne  aMade to measure :cby Anne Pellowski bchildren's books in developing countries / b  bUNESCOc1980aParis  bParis a7 place de fontenoy e75700 a129p.c20cm(Hb) aIncludes bibliographical references  aChildren literature  aHistory  aबाल साहित्य aइतिहास